Estudio de la seguridad y cálculo de los sistemas de desfogue y contra incendio de la planta distribuidora de gas licuado de San Juan Ixhuatepec, Edo. de México /

Contiene: 0. Introducción: importancia de la seguridad industrial; 1. Localización y capacidad; 2. Distribución y localización del terreno; 3. Recipientes de almacenamiento; 4. Riesgos potenciales de incendio y reglamentos en la terminal; 5. Sistema de desfogue; 6. Sistema contra incendio.

Tallennettuna:
Bibliografiset tiedot
Päätekijä: García Arámbula, Héctor M. (autor)
Aineistotyyppi: Kirja
Kieli:espanja
Aiheet:
Tagit: Lisää tagi
Ei tageja, Lisää ensimmäinen tagi!

MARC

LEADER 00000nam^a2200000^a^4500
001 000319568
005 20250521000000.0
009 20260310113446.428
037 |a Acervo ITESO - Biblioteca 
041 |a ESP 
082 |a 628. 922  |b GAR 
100 |a García Arámbula, Héctor M.  |e (autor) 
245 1 0 |a Estudio de la seguridad y cálculo de los sistemas de desfogue y contra incendio de la planta distribuidora de gas licuado de San Juan Ixhuatepec, Edo. de México /  |c H.M. García Arámbula. 
264 |a México :  |b edición de autor,  |c 1965 
300 |a 92 h. 
336 |a texto  |b txt  |2 rdacontenido 
337 |a sin mediación  |b n  |2 rdamedio 
338 |a volumen  |b nc  |2 rdasoporte 
520 |a Contiene: 0. Introducción: importancia de la seguridad industrial; 1. Localización y capacidad; 2. Distribución y localización del terreno; 3. Recipientes de almacenamiento; 4. Riesgos potenciales de incendio y reglamentos en la terminal; 5. Sistema de desfogue; 6. Sistema contra incendio. 
593 |a Tesis de Lic. en Ingeniería Química, UNAM 
649 |a XX 
650 |a Gas Licuado de Petróleo -  |z Tlalnepantla, México (Estado) -  |x Industria y Comercio 
650 |a Incendios -  |x Prevención -  |x Tema Principal 
650 |a Desastres -  |x Prevención 
650 |a Accidentes -  |x Prevención 
650 |a Distribución en Planta (Ingeniería Industrial) 
650 |a Seguridad Industrial 
650 |a Ingeniería Química 
650 |a Ingeniería Industrial 
910 |a Fondo General 
920 |a Impresos - Tesis Externas 
930 |a Colección General 
905 |a 101 
901 |a 0500206813  |b IT1  |c ACC  |u 20250521 
902 |a https://opac.biblio.iteso.mx/vufind/Record/000319568